[Event "Campeonatos de Espana Universitarios 20"]
[Site "Universidad de Alicante, Spai"]
[Date "2019.04.09"]
[Round "2.5"]
[White "Gutierrez Valero, Mario"]
[Black "Valmana Canto, Jaime"]
[Result "1-0"]
[WhiteElo "2220"]
[BlackElo "2406"]
[PlyCount "81"]
[EventDate "2019.??.??"]

1. d4 {[%clk 00:40:08]} 1... Nf6 {[%clk 00:40:03]  [%emt 00:00:12]} 2. c4 {
[%clk 00:40:12]  [%emt 00:00:08]} 2... c5 {[%clk 00:39:50]  [%emt 00:00:10]} 3.
d5 {[%clk 00:40:15]} 3... e6 {[%clk 00:39:49]  [%emt 00:00:14]} 4. Nf3 {
[%clk 00:40:18]} 4... exd5 {[%clk 00:39:49]  [%emt 00:00:14]} 5. cxd5 {
[%clk 00:40:22]} 5... d6 {[%clk 00:39:47]} 6. Nc3 {
[%clk 00:40:25]  [%emt 00:00:04]} 6... g6 {[%clk 00:39:46]} 7. e4 {
[%clk 00:40:28]} 7... Bg7 {[%clk 00:39:23]  [%emt 00:00:27]} 8. Bg5 {
[%clk 00:40:30]  [%emt 00:00:06]} 8... h6 {[%clk 00:35:30]  [%emt 00:03:56]} 9.
Bh4 {[%clk 00:40:33]} 9... O-O {[%clk 00:34:55]  [%emt 00:00:42]} 10. Nd2 {
[%clk 00:40:37]  [%emt 00:00:05]} 10... a6 {[%clk 00:34:32]  [%emt 00:00:30]}
11. a4 {[%clk 00:40:40]} 11... Nbd7 {[%clk 00:34:02]  [%emt 00:00:33]} 12. f4 {
[%clk 00:40:43]} 12... Re8 {[%clk 00:32:30]  [%emt 00:01:38]} 13. Be2 {
[%clk 00:40:47]} 13... Qc7 {[%clk 00:26:31]  [%emt 00:06:11]} 14. O-O {
[%clk 00:40:41]  [%emt 00:00:05]} 14... c4 {[%clk 00:26:25]  [%emt 00:00:11]}
15. Kh1 {[%clk 00:36:10]  [%emt 00:04:36]} 15... Nc5 {
[%clk 00:18:33]  [%emt 00:07:56]} 16. e5 {[%clk 00:34:23]  [%emt 00:01:52]}
16... Nfd7 {[%clk 00:16:46]  [%emt 00:01:52]} 17. exd6 {
[%clk 00:31:04]  [%emt 00:03:30]} 17... Qxd6 {[%clk 00:16:48]} 18. Nxc4 {
[%clk 00:30:55]  [%emt 00:00:12]} 18... Qf8 {[%clk 00:15:50]  [%emt 00:01:06]}
19. f5 {[%clk 00:29:35]  [%emt 00:01:21]} 19... g5 {[%clk 00:15:53]} 20. Bg3 {
[%clk 00:29:17]  [%emt 00:00:25]} 20... Bf6 {[%clk 00:15:57]  [%emt 00:00:06]}
21. d6 {[%clk 00:28:02]  [%emt 00:01:15]} 21... Ne4 {
[%clk 00:15:23]  [%emt 00:00:39]} 22. Nxe4 {[%clk 00:26:10]  [%emt 00:01:57]}
22... Rxe4 {[%clk 00:15:26]  [%emt 00:00:05]} 23. Qc2 {
[%clk 00:25:45]  [%emt 00:00:27]} 23... Re8 {[%clk 00:11:42]  [%emt 00:03:50]}
24. Bf3 {[%clk 00:25:12]  [%emt 00:00:37]} 24... a5 {
[%clk 00:11:34]  [%emt 00:00:17]} 25. Rfe1 {[%clk 00:24:13]  [%emt 00:01:04]}
25... Kg7 {[%clk 00:09:43]  [%emt 00:01:53]} 26. Rxe8 {
[%clk 00:23:26]  [%emt 00:00:52]} 26... Qxe8 {[%clk 00:09:47]} 27. Re1 {
[%clk 00:23:29]  [%emt 00:00:08]} 27... Qd8 {[%clk 00:09:51]} 28. Bf2 {
[%clk 00:17:56]  [%emt 00:05:33]} 28... Rb8 {[%clk 00:08:31]  [%emt 00:01:25]}
29. Qb3 {[%clk 00:17:04]  [%emt 00:00:57]} 29... b6 {
[%clk 00:07:40]  [%emt 00:00:55]} 30. Bd5 {[%clk 00:14:27]  [%emt 00:02:43]}
30... Qf8 {[%clk 00:06:19]  [%emt 00:01:26]} 31. Bc6 {
[%clk 00:13:41]  [%emt 00:00:50]} 31... Qd8 {[%clk 00:06:01]  [%emt 00:00:23]}
32. Qb5 {[%clk 00:13:33]  [%emt 00:00:13]} 32... h5 {
[%clk 00:04:40]  [%emt 00:01:26]} 33. Kg1 {[%clk 00:12:37]  [%emt 00:01:07]}
33... h4 {[%clk 00:04:41]  [%emt 00:00:05]} 34. h3 {
[%clk 00:12:33]  [%emt 00:00:05]} 34... Rb7 {[%clk 00:03:22]  [%emt 00:01:22]}
35. Bxb7 {[%clk 00:12:13]  [%emt 00:00:25]} 35... Bxb7 {[%clk 00:03:26]} 36.
Nxb6 {[%clk 00:11:21]  [%emt 00:00:57]} 36... Nxb6 {
[%clk 00:03:04]  [%emt 00:00:27]} 37. Qxb6 {[%clk 00:11:20]  [%emt 00:00:07]}
37... Qa8 {[%clk 00:02:39]  [%emt 00:00:29]} 38. Bd4 {
[%clk 00:10:21]  [%emt 00:01:07]} 38... Bxg2 {[%clk 00:02:40]  [%emt 00:00:04]}
39. Bxf6+ {[%clk 00:10:23]  [%emt 00:00:04]} 39... Kxf6 {[%clk 00:02:44]} 40.
Qd4+ {[%clk 00:10:24]} 40... Kxf5 {[%clk 00:02:47]  [%emt 00:00:04]} 41. Qg4+ {
[%clk 00:10:28]  [%emt 00:00:04]} 1-0

[Event "Campeonatos de Espana Universitarios 20"]
[Site "Universidad de Alicante, Spai"]
[Date "2019.04.09"]
[Round "2.6"]
[White "Suarez Uriel, Adrian"]
[Black "Perez Tores, Juan Miguel"]
[Result "1-0"]
[WhiteElo "2397"]
[BlackElo "2217"]
[PlyCount "63"]
[EventDate "2019.??.??"]

1. e4 {[%clk 00:40:08]  [%emt 00:00:36]} 1... g6 {[%clk 00:40:00]} 2. d4 {
[%clk 00:40:09]} 2... d6 {[%clk 00:39:59]  [%emt 00:00:05]} 3. Nc3 {
[%clk 00:40:11]} 3... Bg7 {[%clk 00:39:57]} 4. Be3 {[%clk 00:40:14]} 4... a6 {
[%clk 00:39:45]  [%emt 00:00:11]} 5. f3 {[%clk 00:40:08]  [%emt 00:00:36]} 5...
b5 {[%clk 00:39:18]  [%emt 00:00:07]} 6. Qd2 {[%clk 00:40:11]  [%emt 00:00:05]}
6... Nd7 {[%clk 00:38:35]  [%emt 00:00:43]} 7. g4 {
[%clk 00:40:11]  [%emt 00:00:13]} 7... Nb6 {[%clk 00:36:42]  [%emt 00:01:52]}
8. h4 {[%clk 00:40:04]  [%emt 00:00:14]} 8... h5 {
[%clk 00:35:54]  [%emt 00:00:51]} 9. gxh5 {[%clk 00:40:06]  [%emt 00:00:06]}
9... Rxh5 {[%clk 00:33:49]  [%emt 00:02:05]} 10. Bd3 {
[%clk 00:40:05]  [%emt 00:00:39]} 10... Bf6 {[%clk 00:31:07]  [%emt 00:02:16]}
11. O-O-O {[%clk 00:39:51]  [%emt 00:00:45]} 11... Bb7 {
[%clk 00:27:18]  [%emt 00:03:35]} 12. Nh3 {[%clk 00:34:51]  [%emt 00:05:01]}
12... Rxh4 {[%clk 00:17:49]  [%emt 00:09:34]} 13. Bg5 {
[%clk 00:33:51]  [%emt 00:01:02]} 13... Rh5 {[%clk 00:16:44]  [%emt 00:01:11]}
14. Bxf6 {[%clk 00:33:49]  [%emt 00:00:08]} 14... exf6 {
[%clk 00:16:38]  [%emt 00:00:08]} 15. Nf4 {[%clk 00:33:48]  [%emt 00:00:36]}
15... Rxh1 {[%clk 00:16:28]  [%emt 00:00:03]} 16. Rxh1 {[%clk 00:33:52]} 16...
Qe7 {[%clk 00:14:56]  [%emt 00:01:23]} 17. Rh7 {
[%clk 00:33:40]  [%emt 00:00:14]} 17... Qf8 {[%clk 00:14:54]  [%emt 00:00:19]}
18. a4 {[%clk 00:27:38]  [%emt 00:06:02]} 18... bxa4 {
[%clk 00:12:44]  [%emt 00:02:08]} 19. Ncd5 {[%clk 00:25:50]  [%emt 00:01:53]}
19... Nxd5 {[%clk 00:11:11]  [%emt 00:01:54]} 20. exd5 {
[%clk 00:25:54]  [%emt 00:00:06]} 20... Ne7 {[%clk 00:10:56]} 21. Qa5 {
[%clk 00:25:56]  [%emt 00:00:11]} 21... Kd8 {[%clk 00:08:44]  [%emt 00:02:08]}
22. Bxg6 {[%clk 00:25:15]  [%emt 00:00:45]} 22... Qg8 {
[%clk 00:07:30]  [%emt 00:01:22]} 23. Rxf7 {[%clk 00:24:57]  [%emt 00:00:23]}
23... Bc8 {[%clk 00:06:04]  [%emt 00:01:30]} 24. Ne6+ {
[%clk 00:24:17]  [%emt 00:00:44]} 24... Bxe6 {[%clk 00:05:12]  [%emt 00:00:57]}
25. dxe6 {[%clk 00:24:21]  [%emt 00:00:30]} 25... Rc8 {
[%clk 00:03:56]  [%emt 00:01:28]} 26. Qxa4 {[%clk 00:23:43]  [%emt 00:00:09]}
26... c6 {[%clk 00:03:35]  [%emt 00:00:47]} 27. Qa5+ {[%clk 00:23:47]} 27...
Rc7 {[%clk 00:03:34]} 28. Rxe7 {[%clk 00:23:51]} 28... Kxe7 {
[%clk 00:03:29]  [%emt 00:00:07]} 29. Qxc7+ {[%clk 00:23:54]} 29... Kxe6 {
[%clk 00:03:32]} 30. Qh7 {[%clk 00:23:35]  [%emt 00:00:16]} 30... Qf8 {
[%clk 00:03:27]  [%emt 00:00:34]} 31. Be4 {[%clk 00:22:28]  [%emt 00:00:48]}
31... d5 {[%clk 00:02:48]  [%emt 00:00:44]} 32. Bf5+ {
[%clk 00:22:31]  [%emt 00:00:31]} 1-0

[Event "Campeonatos de Espana Universitarios 20"]
[Site "Universidad de Alicante, Spai"]
[Date "2019.04.09"]
[Round "2.7"]
[White "Aymerich Verdaguer, Eduard"]
[Black "Sanchez Gonzalez, Sergio"]
[Result "0-1"]
[WhiteElo "2204"]
[BlackElo "2358"]
[PlyCount "58"]
[EventDate "2019.??.??"]

1. d4 {[%clk 00:40:08]  [%emt 00:00:03]} 1... Nf6 {[%clk 00:40:08]} 2. c4 {
[%clk 00:40:11]  [%emt 00:00:03]} 2... e6 {[%clk 00:40:11]  [%emt 00:00:07]} 3.
Nf3 {[%clk 00:40:13]} 3... d5 {[%clk 00:40:14]} 4. Nc3 {
[%clk 00:40:16]  [%emt 00:00:10]} 4... Bb4 {[%clk 00:40:16]} 5. Bg5 {
[%clk 00:40:08]  [%emt 00:00:07]} 5... h6 {[%clk 00:39:21]  [%emt 00:01:01]} 6.
Bh4 {[%clk 00:38:46]  [%emt 00:01:27]} 6... dxc4 {
[%clk 00:39:16]  [%emt 00:00:10]} 7. Qa4+ {[%clk 00:37:44]  [%emt 00:01:04]}
7... Nc6 {[%clk 00:39:18]  [%emt 00:00:30]} 8. e3 {
[%clk 00:37:18]  [%emt 00:00:07]} 8... Qd5 {[%clk 00:36:42]  [%emt 00:02:38]}
9. Nd2 {[%clk 00:32:27]  [%emt 00:04:58]} 9... Bxc3 {
[%clk 00:33:50]  [%emt 00:02:56]} 10. bxc3 {[%clk 00:32:30]  [%emt 00:00:22]}
10... b5 {[%clk 00:33:50]  [%emt 00:00:04]} 11. Qc2 {
[%clk 00:29:32]  [%emt 00:02:43]} 11... Bb7 {[%clk 00:33:46]  [%emt 00:00:13]}
12. f3 {[%clk 00:25:34]  [%emt 00:04:01]} 12... Ne7 {
[%clk 00:32:46]  [%emt 00:01:03]} 13. a4 {[%clk 00:24:55]  [%emt 00:00:44]}
13... a6 {[%clk 00:31:46]  [%emt 00:01:04]} 14. e4 {
[%clk 00:24:49]  [%emt 00:00:11]} 14... Qd7 {[%clk 00:31:30]  [%emt 00:00:51]}
15. Bf2 {[%clk 00:23:00]  [%emt 00:01:24]} 15... O-O {
[%clk 00:30:56]  [%emt 00:00:39]} 16. Be2 {[%clk 00:22:58]  [%emt 00:00:09]}
16... Rfd8 {[%clk 00:30:43]  [%emt 00:00:16]} 17. O-O {
[%clk 00:22:55]  [%emt 00:00:28]} 17... c5 {[%clk 00:30:33]  [%emt 00:00:07]}
18. Rfd1 {[%clk 00:22:12]  [%emt 00:01:01]} 18... cxd4 {
[%clk 00:30:22]  [%emt 00:00:03]} 19. Bxd4 {[%clk 00:22:15]} 19... Qc7 {
[%clk 00:29:44]  [%emt 00:00:33]} 20. e5 {[%clk 00:18:50]  [%emt 00:03:29]}
20... Nfd5 {[%clk 00:28:07]  [%emt 00:01:44]} 21. axb5 {
[%clk 00:18:11]  [%emt 00:00:46]} 21... axb5 {[%clk 00:28:08]  [%emt 00:00:03]}
22. Rxa8 {[%clk 00:18:13]  [%emt 00:00:04]} 22... Rxa8 {
[%clk 00:27:59]  [%emt 00:00:11]} 23. Qb2 {[%clk 00:18:06]  [%emt 00:00:14]}
23... Nc6 {[%clk 00:27:18]  [%emt 00:00:43]} 24. Ne4 {
[%clk 00:16:55]  [%emt 00:01:17]} 24... Nxd4 {[%clk 00:23:10]  [%emt 00:04:12]}
25. cxd4 {[%clk 00:16:55]  [%emt 00:00:33]} 25... b4 {[%clk 00:23:12]} 26. Nc5
{[%clk 00:16:31]  [%emt 00:00:13]} 26... Nc3 {[%clk 00:21:55]  [%emt 00:01:14]}
27. Qxb4 {[%clk 00:07:28]  [%emt 00:09:26]} 27... Nxd1 {[%clk 00:21:44]} 28.
Qxb7 {[%clk 00:07:11]  [%emt 00:00:20]} 28... Qxb7 {
[%clk 00:21:46]  [%emt 00:00:11]} 29. Nxb7 {[%clk 00:07:14]} 29... Ra1 {
[%clk 00:21:39]  [%emt 00:00:37]} 0-1

[Event "Campeonatos de Espana Universitarios 20"]
[Site "Universidad de Alicante, Spai"]
[Date "2019.04.09"]
[Round "3.1"]
[White "Suarez Gomez, Julio"]
[Black "Abal Cores, Lucas"]
[Result "1-0"]
[WhiteElo "2449"]
[BlackElo "2304"]
[PlyCount "73"]
[EventDate "2019.??.??"]

1. d4 {[%clk 00:40:07]} 1... f5 {[%clk 00:40:04]  [%emt 00:00:12]} 2. Nc3 {
[%clk 00:39:43]  [%emt 00:00:18]} 2... Nf6 {[%clk 00:39:24]  [%emt 00:00:45]}
3. Bg5 {[%clk 00:39:40]  [%emt 00:00:11]} 3... g6 {
[%clk 00:39:23]  [%emt 00:00:05]} 4. h4 {[%clk 00:37:44]  [%emt 00:01:59]} 4...
Bg7 {[%clk 00:39:07]  [%emt 00:00:35]} 5. Qd2 {[%clk 00:36:22]  [%emt 00:02:02]
} 5... Nc6 {[%clk 00:37:00]  [%emt 00:01:21]} 6. e3 {
[%clk 00:35:51]  [%emt 00:00:37]} 6... d5 {[%clk 00:33:13]  [%emt 00:03:53]} 7.
Nge2 {[%clk 00:34:06]  [%emt 00:01:49]} 7... Be6 {
[%clk 00:32:30]  [%emt 00:00:56]} 8. Nf4 {[%clk 00:32:51]  [%emt 00:01:18]}
8... Bf7 {[%clk 00:32:34]} 9. h5 {[%clk 00:32:27]  [%emt 00:00:24]} 9... Qd7 {
[%clk 00:28:44]  [%emt 00:03:55]} 10. hxg6 {[%clk 00:30:51]  [%emt 00:01:40]}
10... hxg6 {[%clk 00:28:39]  [%emt 00:00:10]} 11. Rxh8+ {[%emt 00:00:28]} 11...
Bxh8 12. Nd3 {[%clk 00:29:39]  [%emt 00:00:55]} 12... b6 {
[%clk 00:26:59]  [%emt 00:01:50]} 13. f3 {[%clk 00:29:09]  [%emt 00:00:37]}
13... Nh7 {[%clk 00:23:50]  [%emt 00:03:13]} 14. Bf4 {
[%clk 00:27:49]  [%emt 00:01:24]} 14... g5 {[%clk 00:22:57]  [%emt 00:00:57]}
15. Bh2 {[%clk 00:26:52]  [%emt 00:01:02]} 15... Nd8 {
[%clk 00:22:27]  [%emt 00:01:00]} 16. O-O-O {[%clk 00:26:11]  [%emt 00:00:21]}
16... c6 {[%clk 00:21:34]  [%emt 00:01:00]} 17. Ne5 {
[%clk 00:25:40]  [%emt 00:00:34]} 17... Bxe5 {[%clk 00:17:12]  [%emt 00:04:28]}
18. Bxe5 {[%clk 00:25:40]  [%emt 00:00:08]} 18... Be6 {
[%clk 00:16:50]  [%emt 00:00:23]} 19. e4 {[%clk 00:23:51]  [%emt 00:01:55]}
19... Nf7 {[%clk 00:16:46]  [%emt 00:00:36]} 20. exd5 {
[%clk 00:23:01]  [%emt 00:00:31]} 20... Bxd5 {[%clk 00:16:50]  [%emt 00:00:03]}
21. Bh2 {[%clk 00:22:26]  [%emt 00:00:35]} 21... Nf6 {
[%clk 00:14:43]  [%emt 00:02:13]} 22. Bd3 {[%clk 00:20:11]  [%emt 00:02:19]}
22... Kf8 {[%clk 00:11:03]  [%emt 00:03:44]} 23. Be5 {
[%clk 00:19:12]  [%emt 00:01:05]} 23... Kg7 {[%clk 00:09:00]  [%emt 00:02:08]}
24. Rg1 {[%clk 00:16:08]  [%emt 00:03:10]} 24... Rh8 {
[%clk 00:07:28]  [%emt 00:01:54]} 25. Ne2 {[%clk 00:13:54]  [%emt 00:02:01]}
25... Be6 {[%clk 00:06:47]  [%emt 00:00:46]} 26. c4 {
[%clk 00:08:15]  [%emt 00:05:44]} 26... b5 {[%clk 00:05:32]  [%emt 00:01:36]}
27. f4 {[%clk 00:06:55]  [%emt 00:01:13]} 27... g4 {
[%clk 00:05:15]  [%emt 00:00:20]} 28. d5 {[%clk 00:06:53]  [%emt 00:00:05]}
28... cxd5 {[%clk 00:04:48]  [%emt 00:00:32]} 29. cxb5 {
[%clk 00:06:57]  [%emt 00:00:05]} 29... Kg6 {[%clk 00:04:17]  [%emt 00:00:32]}
30. Bxf6 {[%clk 00:06:51]  [%emt 00:00:13]} 30... Kxf6 {
[%clk 00:03:56]  [%emt 00:00:24]} 31. Nd4 {[%clk 00:06:35]  [%emt 00:00:45]}
31... Nd6 {[%clk 00:03:31]  [%emt 00:00:08]} 32. Kb1 {
[%clk 00:06:17]  [%emt 00:00:21]} 32... Rc8 {[%clk 00:02:17]  [%emt 00:01:22]}
33. Qe1 {[%clk 00:06:01]  [%emt 00:00:20]} 33... Ne4 {
[%clk 00:01:46]  [%emt 00:00:46]} 34. Rh1 {[%clk 00:05:23]  [%emt 00:00:32]}
34... Rg8 {[%clk 00:00:09]  [%emt 00:01:44]} 35. Rh7 {
[%clk 00:03:50]  [%emt 00:01:35]} 35... g3 {[%clk 00:00:13]  [%emt 00:00:14]}
36. Qh1 {[%clk 00:03:22]  [%emt 00:00:24]} 36... Bf7 {[%emt 00:00:22]} 37. Qh4+
{[%emt 00:00:13]} 1-0

[Event "Campeonatos de Espana Universitarios 20"]
[Site "Universidad de Alicante, Spai"]
[Date "2019.04.09"]
[Round "3.2"]
[White "Alshameary Puente, Ismael"]
[Black "Navarro Lopez-Menchero, Daniel"]
[Result "1-0"]
[WhiteElo "2425"]
[BlackElo "2301"]
[PlyCount "67"]
[EventDate "2019.??.??"]

1. d4 {[%clk 00:39:11]  [%emt 00:01:00]} 1... d5 {
[%clk 00:40:07]  [%emt 00:00:09]} 2. c4 {[%clk 00:39:13]} 2... e6 {
[%clk 00:40:10]} 3. Nc3 {[%clk 00:39:16]} 3... Bb4 {
[%clk 00:40:13]  [%emt 00:00:03]} 4. e3 {[%clk 00:39:09]  [%emt 00:00:09]} 4...
Nf6 {[%clk 00:39:36]  [%emt 00:00:58]} 5. Bd3 {[%clk 00:38:28]  [%emt 00:00:33]
} 5... dxc4 {[%clk 00:38:26]  [%emt 00:01:27]} 6. Bxc4 {
[%clk 00:38:31]  [%emt 00:00:04]} 6... O-O {[%clk 00:38:29]} 7. Nf3 {
[%clk 00:36:54]  [%emt 00:01:27]} 7... c5 {[%clk 00:38:32]  [%emt 00:00:42]} 8.
O-O {[%clk 00:36:50]} 8... Nc6 {[%clk 00:38:15]  [%emt 00:00:04]} 9. a3 {
[%clk 00:36:10]  [%emt 00:00:33]} 9... cxd4 {[%clk 00:34:15]  [%emt 00:04:04]}
10. axb4 {[%clk 00:31:59]  [%emt 00:04:15]} 10... dxc3 {
[%clk 00:34:18]  [%emt 00:00:12]} 11. b5 {[%clk 00:30:19]  [%emt 00:01:36]}
11... Ne7 {[%clk 00:24:47]  [%emt 00:09:36]} 12. bxc3 {[%clk 00:27:02]} 12...
Qc7 {[%clk 00:24:43]  [%emt 00:03:48]} 13. Qb3 {[%clk 00:26:33]} 13... b6 {
[%clk 00:23:06]  [%emt 00:02:06]} 14. Be2 {[%clk 00:23:28]} 14... Bb7 {
[%clk 00:22:47]  [%emt 00:03:27]} 15. h3 {[%clk 00:21:18]} 15... Ng6 {
[%clk 00:19:50]  [%emt 00:05:16]} 16. Ba3 {[%clk 00:17:52]} 16... Rfd8 {
[%clk 00:19:23]  [%emt 00:04:04]} 17. Rfd1 {[%clk 00:15:50]} 17... h6 {
[%clk 00:19:02]  [%emt 00:02:31]} 18. c4 {[%clk 00:14:19]} 18... e5 {
[%clk 00:17:47]  [%emt 00:02:58]} 19. Bb2 {[%clk 00:14:05]} 19... e4 {
[%clk 00:17:09]  [%emt 00:01:08]} 20. Nd4 {[%clk 00:13:26]} 20... Ne5 {
[%clk 00:17:12]  [%emt 00:00:45]} 21. Nf5 {[%clk 00:12:18]} 21... Qc5 {
[%clk 00:13:02]  [%emt 00:05:24]} 22. Qc3 {[%clk 00:07:18]} 22... Nf3+ {
[%clk 00:12:18]  [%emt 00:05:52]} 23. Bxf3 {[%clk 00:07:21]} 23... Qxf5 {
[%clk 00:09:48]  [%emt 00:02:37]} 24. Be2 {[%clk 00:07:25]} 24... Rxd1+ {
[%clk 00:03:35]  [%emt 00:06:19]} 25. Rxd1 {[%clk 00:07:28]} 25... a5 {
[%clk 00:03:39]  [%emt 00:00:33]} 26. Rd6 {[%clk 00:07:05]} 26... Qc5 {
[%clk 00:02:45]  [%emt 00:00:57]} 27. Rxf6 {[%clk 00:05:21]} 27... gxf6 {
[%clk 00:02:48]  [%emt 00:02:06]} 28. Qxf6 {[%clk 00:05:24]} 28... Kf8 {
[%clk 00:02:52]} 29. Qxh6+ {[%clk 00:04:54]} 29... Ke8 {
[%clk 00:02:41]  [%emt 00:00:48]} 30. Bd4 {[%clk 00:04:43]} 30... Qb4 {
[%clk 00:02:30]  [%emt 00:00:25]} 31. Qxb6 {[%clk 00:03:59]} 31... Qe1+ {
[%clk 00:02:04]  [%emt 00:01:28]} 32. Kh2 {[%clk 00:03:03]} 32... Qxe2 {
[%clk 00:01:00]  [%emt 00:01:59]} 33. Qxb7 {[%clk 00:03:06]} 33... Rd8 {
[%clk 00:01:04]  [%emt 00:00:19]} 34. Bf6 {[%clk 00:03:09]} 1-0